| Tag |
First Indicator |
Second Indicator |
Subfields |
| LEADER |
00000nam a2200000 a 4500 |
| 001 |
in00004678607 |
| 006 |
m o d |
| 007 |
cr cn||||||||| |
| 008 |
071221s2004 maua obf 001 0 eng d |
| 005 |
20240513174617.4 |
| 020 |
|
|
|a 9780470999219
|
| 020 |
|
|
|a 0470999217
|
| 020 |
|
|
|a 0631234225
|
| 020 |
|
|
|a 9780631234227
|
| 020 |
|
|
|a 9781405165112
|
| 020 |
|
|
|a 1405165111
|
| 020 |
|
|
|a 9780470999202
|q (electronic bk.)
|
| 020 |
|
|
|a 0470999209
|q (electronic bk.)
|
| 024 |
7 |
|
|a 10.1002/9780470999219
|2 doi
|
| 035 |
|
|
|a wil6007436
|
| 035 |
|
|
|a (NhCcYBP)wil6007436
|
| 037 |
|
|
|a 10.1002/9780470999219
|b Wiley InterScience
|n http://www3.interscience.wiley.com
|
| 040 |
|
|
|a NhCcYBP
|b eng
|c NhCcYBP
|
| 043 |
|
|
|a n-us---
|
| 050 |
|
4 |
|a PS377
|b .C66 2004eb
|
| 072 |
|
7 |
|a LIT
|x 004020
|2 bisacsh
|
| 082 |
0 |
4 |
|a 813/.209
|2 22
|
| 245 |
0 |
2 |
|a A companion to American fiction, 1780-1865 /
|c edited by Shirley Samuels.
|
| 260 |
|
|
|a Malden, MA :
|b Blackwell Pub.,
|c 2004.
|
| 300 |
|
|
|a 1 online resource (xv, 470 pages) :
|b illustrations
|
| 336 |
|
|
|a text
|b txt
|2 rdacontent
|
| 337 |
|
|
|a computer
|b c
|2 rdamedia
|
| 338 |
|
|
|a online resource
|b cr
|2 rdacarrier
|
| 347 |
|
|
|a data file
|
| 490 |
1 |
|
|a Blackwell companions to literature and culture
|
| 504 |
|
|
|a Includes bibliographical references and index.
|
| 505 |
0 |
0 |
|g Introduction /
|r Shirley Samuels --
|g PART I. HISTORICAL AND CULTURAL CONTEXTS --
|t National narrative and the problem of American nationhood /
|r J. Gerald Kennedy --
|t Fiction and democracy /
|r Paul Downes --
|t Democratic fictions /
|r Sandra M. Gustafson --
|t Engendering American fictions /
|r Martha J. Cutter,
|r Caroline F. Levander --
|t Race and ethnicity /
|r Robert S. Levine --
|t Class /
|r Philip Gould --
|t Sexualities /
|r Valerie Rohy --
|t Religion /
|r Paul Gutjahr --
|t Education and polemic /
|r Stephanie Foote --
|t Marriage and contract /
|r Naomi Morgenstern --
|t Transatlantic ventures /
|r Wil Verhoeven,
|r Stephen Shapiro --
|t Other languages, other Americas /
|r Kirsten Silva Gruesz --
|g PART II. FORMS OF FICTION --
|t Literary histories /
|r Michael Drexler,
|r Ed White --
|t Breeding and reading: Chesterfieldian civility in the early republic /
|r Christopher Lukasik --
|t The American gothic /
|r Marianne Noble --
|t Sensational fiction /
|r Shelley Streeby --
|t Melodrama and American fiction /
|r Lori Merish --
|t Delicate boundaries: passing and other crossings in fictionalized slave narratives /
|r Cherene Sherrard-Johnson --
|t Doctors, bodies, and fiction /
|r Stephanie P. Browner --
|t Law and the American novel /
|r Laura H. Korobkin --
|t Labor and fiction /
|r Cindy Weinstein --
|t Words for children /
|r Carol J. Singley --
|t Dime novels /
|r Colin T. Ramsey,
|r Kathryn Zabelle Derounian-Stodola --
|t Reform and antebellum fiction /
|r Chris Castiglia --
|g PART III. AUTHORS, LOCATIONS, PURPOSES --
|t The problem of the city /
|r Heather Roberts --
|t New landscapes /
|r Timothy Sweet --
|t The gothic meets sensation: Charles Brockden Brown, Edgar Allan Poe, George Lippard, and E.D.E.N. Southworth /
|r Dana Luciano --
|t Retold legends: Washington Irving, James Kirke Paulding, and John Pendleton Kennedy /
|r Philip Barnard --
|t Captivity and freedom: Ann Eliza Bleecker, Harriet Prescott Spofford, and Washington Irving's Rip Van Winkle /
|r Eric Gary Anderson --
|t New England tales: Catharine Sedgwick, Catherine Brown, and the dislocations of Indian land /
|r Bethany Schneider --
|t Harriet Beecher Stowe, Caroline Lee Hentz, Herman Melville, and American racialist exceptionalism /
|r Katherine Adams --
|t Fictions of the South: southern portraits of slavery /
|r Nancy Buffington --
|t The West /
|r Edward Watts --
|t The old southwest: Mike Fink, Augustus Baldwin Longstreet, Johnson Jones Hooper, and George Washington Harris /
|r David Rachels --
|t James Fenimore Cooper and the invention of the American novel /
|r Wayne Franklin --
|t The sea: Herman Melville and Moby-Dick /
|r Stephanie A. Smith --
|t National narrative and national history /
|r Russ Castronovo.
|
| 520 |
3 |
|
|a This Companion presents the current state of criticism in the field of American fiction from the earliest declarations of nationhood to secession and civil war. Draws heavily on historical and cultural contexts in its consideration of American fiction. - Relates the fiction of the period to conflicts about territory and sovereignty and to issues of gender, race, ethnicity and identity. - Covers different forms of fiction, including children ;s literature, sketches, polemical pieces, historical romances, Gothic novels and novels of exploration. - Considers both canonical and lesser-known authors, including James Fennimore Cooper, Hannah Foster, Nathaniel Hawthorne, Herman Melville and Harriet Beecher Stowe. - Treats neglected topics, such as the Western novel, science and the novel, and American fiction in languages other than English.
|
| 588 |
0 |
|
|a Print version record.
|
| 650 |
|
0 |
|a American fiction
|y 19th century
|x History and criticism
|v Handbooks, manuals, etc.
|
| 650 |
|
0 |
|a American fiction
|y 18th century
|x History and criticism
|v Handbooks, manuals, etc.
|
| 655 |
|
4 |
|a Electronic books.
|
| 700 |
1 |
|
|a Samuels, Shirley.
|
| 776 |
0 |
8 |
|i Print version:
|t Companion to American fiction, 1780-1865.
|d Malden, MA : Blackwell Pub., 2004
|z 0631234225
|z 9780631234227
|w (DLC) 2003026891
|
| 830 |
|
0 |
|a Blackwell companions to literature and culture.
|
| 856 |
4 |
0 |
|u http://proxy.library.tamu.edu/login?url=https://onlinelibrary.wiley.com/book/10.1002/9780470999219
|z Connect to the full text of this electronic book
|t 0
|
| 955 |
|
|
|a Wiley EBA purchase
|
| 975 |
|
|
|p Wiley UBCM Full Collection 2023
|
| 976 |
|
|
|a 6007436
|
| 999 |
f |
f |
|s 5235c13b-5c66-45d1-b286-f308a37bd4f3
|i ecd1e085-ae3b-4707-9cf0-fd8d5f217e45
|t 0
|
| 952 |
f |
f |
|a Texas A&M University
|b College Station
|c Electronic Resources
|d Available Online
|t 0
|e PS377 .C66 2004eb
|h Library of Congress classification
|
| 998 |
f |
f |
|a PS377 .C66 2004eb
|t 0
|l Available Online
|